Score 0/40 Timer 10:00
0 Plays Today
Rank Name % Correct
BoyJohn
94.9%
BoyMichael
91.7%
GirlMary
90.6%
BoyJames
89.3%
BoyRobert
85.3%
BoyWilliam
85.2%
BoyDavid
84.3%
GirlElizabeth
80.4%
BoyThomas
80.3%
BoyPaul
78.5%
BoyDaniel
76.8%
GirlSusan
75.7%
BoyRichard
73.9%
GirlJennifer
72.8%
GirlLisa
72.2%
BoyMark
70.7%
BoySteven
70.5%
BoyJoseph
70.4%
BoyChristopher
69.7%
GirlLinda
68.3%
Rank Name % Correct
BoyCharles
66%
GirlLaura
65.7%
GirlPatricia
65.2%
GirlMichelle
61.8%
BoyBrian
60.8%
GirlKaren
60.8%
GirlJulie
56.5%
GirlDeborah
56.1%
BoyKevin
55.8%
BoyTimothy
53.9%
GirlDonna
52.3%
GirlKimberly
50.3%
GirlSandra
46.6%
BoyJeffrey
46.1%
BoyScott
44%
GirlAngela
40.7%
GirlPamela
40.1%
GirlCynthia
37.8%
GirlLori
32.9%
GirlTammy
25.7%
Remove Ads.
Support Sporcle.
Get the best of Sporcle when you Go Orange. This ad-free experience offers more features, more stats, and more fun while also helping to support Sporcle. Thank you for becoming a member.

You're not logged in!

Compare scores with friends on all Sporcle quizzes.
OR
Log In

Show Comments

Extras

Created Oct 22, 2009SourceReportNominate
Tags:1965, Baby

Top Quizzes Today


Score Distribution

Your Account Isn't Verified!

In order to create a playlist on Sporcle, you need to verify the email address you used during registration. Go to your Sporcle Settings to finish the process.

Report this User

Report this user for behavior that violates our Community Guidelines.

Details: